000
00297nam a22001217a 4500
040
_c
NUST
082
_a
297.4,MUM
100
_a
Mumtaz, Mufti
_9
370
245
_a
Talash / تلاش (Urdu) /
_c
Mumtaz Mufti
260
_a
Lahore
_b
Al-faisal
_c
2015
300
_a
264 p.;
942
_2
ddc
_c
BK
_k
297.4,MUM
999
_c
593412
_d
593412